MLB Teams With A Baseball In Their Logo - Statistics

General Stats
  • This quiz has been taken 45 times
  • The average score is 11 of 11
Answer Stats
Picture Answer % Correct
Los Angeles Dodgers
100%
Miami Marlins
100%
Milwaukee Brewers
100%
Cleveland Guardians
97%
New York Mets
97%
New York Yankees
97%
San Francisco Giants
97%
Texas Rangers
97%
Toronto Blue Jays
97%
Minnesota Twins
95%
Seattle Mariners
92%
No matching quizzes found
Score Distribution
Percent of People with Each Score
Percentile by Number Answered
Your Score History
You have not taken this quiz